000 01071nam a2200205Ia 4500
003 Ost
005 20260507075732.0
008 260507s9999||||xx |||||||||||||| ||und||
040 _cfsecg
041 _aara
082 _a519.54
100 _aأحمد، محمد علي محمد
_eمؤلف
245 0 _aمبادئ الاستدلال الاحصائي /
_c محمد علي محمد أحمد
260 _aالاسكندرية:
_bالدار الجامعية,
_c2004
300 _a436 صفحة؛
520 _aويحتوي علي ثمانية فصول تشمل التوزيع الطبيعي توزيعات المعاينة وتقدير معالم المجتمع واختبارات الفروض الاحصائية تقدير معالم المجتمع واختبارات الفروض للفروق بين معلمتين والارتباط وتحليل الانحدار وتحليل وأخيرا الجداول الاحصائية
653 _aالاستدلال الاحصائي
700 _aمحمد، حسن إمتنال
_eمؤلف ثانوي
942 _cكتاب
999 _c46044
_d46044